The Age of the Dream Palace : (Record no. 609903)

MARC details
000 -LEADER
fixed length control field 00478nam a2200181 a 4500
001 - CONTROL NUMBER
control field 1769943200989
003 - CONTROL NUMBER IDENTIFIER
control field YourLibrary
005 - DATE AND TIME OF LATEST TRANSACTION
control field 20260201164118.0
008 - FIXED-LENGTH DATA ELEMENTS--GENERAL INFORMATION
fixed length control field 260201s2009##################000#0#eng##
020 ## - INTERNATIONAL STANDARD BOOK NUMBER
International Standard Book Number 9781848851221
082 04 - DEWEY DECIMAL CLASSIFICATION NUMBER
Classification number 302.2343
Item number RIC
040 ## - CATALOGING SOURCE
Original cataloging agency YourLibrary
Language of cataloging eng
Transcribing agency YourLibrary
100 1# - MAIN ENTRY--PERSONAL NAME
Personal name Richards, Jeffrey,
Relator term author.
245 10 - TITLE STATEMENT
Title The Age of the Dream Palace :
260 ## - PUBLICATION, DISTRIBUTION, ETC.
Name of publisher, distributor, etc. I.B. Tauris,
Date of publication, distribution, etc. 2009.
650 #0 - SUBJECT ADDED ENTRY--TOPICAL TERM
Topical term or geographic name entry element Performing Arts.
942 ## - ADDED ENTRY ELEMENTS (KOHA)
Koha item type English Books
Holdings
Withdrawn status Lost status Damaged status Not for loan Home library Current library Shelving location Date acquired Total Checkouts Full call number Barcode Date last seen Price effective from Koha item type
        Anna Centenary Library Anna Centenary Library 3RD FLOOR, B WING 01.02.2026   302.2343 RIC 334918 01.02.2026 01.02.2026 English Books

Find us on the map